Trump vs. Harris #2 - Statistics

General Stats
  • This quiz has been taken 234 times
    70 since last reset
  • The average score is 21 of 25
Answer Stats
Hint Answer % Correct
Idaho Trump
93%
New York Harris
90%
Kansas Trump
90%
Iowa Trump
90%
Washington Harris
88%
Tennessee Trump
88%
South Carolina Trump
88%
Arkansas Trump
88%
Louisiana Trump
88%
Nebraska Trump
88%
California Harris
87%
Kentucky Trump
87%
Montana Trump
87%
Minnesota Harris
85%
Indiana Trump
85%
South Dakota Trump
83%
Connecticut Harris
82%
North Dakota Trump
82%
Illinois Harris
78%
Oregon Harris
78%
Massachuetts Harris
78%
Colorado Harris
75%
Maine Harris
75%
New Mexico Harris
62%
Virginia Harris
58%
No matching quizzes found
Score Distribution
Percent of People with Each Score
Percentile by Number Answered
Your Score History
You have not taken this quiz since the last reset